| 000 | 00712nam a22001817a 4500 | ||
|---|---|---|---|
| 003 | BD-DhUL | ||
| 005 | 20160831185638.0 | ||
| 008 | 160831s1979 bg ||||| |||| 00| 0 ben | ||
| 040 |
_aBD-DhUL _cBD-DhUL |
||
| 082 |
_a954 _bFAN |
||
| 100 | 1 | _aফনিভূষণ ভট্টাচার্য | |
| 245 | 1 | 0 |
_aনৌ বিদ্রোহের ইতিহাস / _cফনিভূষণ ভট্টাচার্য |
| 260 |
_aকলকাতা : _bবুকস্ অ্যন্ড পিরয়ডিক্যাল, _c১৯৭৯ |
||
| 300 |
_a১৩৭ পৃ. ; _c২২ সেমি. |
||
| 650 | 0 | _aনৌবিহার - ইতিহাস | |
| 650 | 0 | _aBoating - History | |
| 942 |
_2ddc _cBK |
||
| 999 |
_c103646 _d103646 |
||